00849nam a2200193 a 450000100100000000500170001000800410002702000180006804000250008608200140011110000370012524500630016226000360022530000200026195201270028195201120040895201180052099900170063800002716320200930030637.0110330s2012 dr 000 0 spa d a9789945165180 aDO-SdBNPbspacBNPHU axx xbxxx1 aHernández Polanco, Pura95422714aLos pequeños catedráticos /cPura Hernández Polanco. aSanto Domingo :bBúho,c2012. a63 p. ;c19 cm. 001054708DSaGRbGRcCTd2011-07-14iLF1l0oxx x xxxp27163-30r2020-06-25te. 3w2020-06-25yLFDSZPréstamo en sala 0010718PDaPDbPDcCTd2011-03-30iLF1l0oxx x xxxp27163-10r2020-06-25w2020-06-25yLFPDZNo se presta 0010718PDaPDbPDcCTd2011-07-13iLF1l0oxx x xxxp27163-20r2020-06-25te. 2w2020-06-25yLFPDZNo se presta c26655d26655